Gaming Quiz

Random Gaming or Pokémon Quiz
Score 0/107 Timer 12:00
1 Play Today
Dex Pokémon % Correct
393Piplup
95.4%
390Chimchar
94.8%
387Turtwig
94.1%
392Infernape
93.7%
395Empoleon
93%
389Torterra
92.9%
484Palkia
91.7%
483Dialga
91.4%
391Monferno
91.1%
394Prinplup
90.1%
396Starly
89.4%
388Grotle
89.2%
398Staraptor
89.1%
397Staravia
88.2%
487Giratina
86%
399Bidoof
83.9%
493Arceus
83%
491Darkrai
82.6%
400Bibarel
81.1%
405Luxray
80.9%
480Uxie
80.8%
482Azelf
80.7%
403Shinx
80.6%
467Magmortar
80.3%
404Luxio
79.7%
481Mesprit
79.7%
445Garchomp
78.7%
443Gible
77.8%
407Roserade
77.7%
492Shaymin
77.4%
466Electivire
77.2%
444Gabite
76.8%
448Lucario
76.2%
488Cresselia
74.8%
447Riolu
74.7%
406Budew
74.7%
Dex Pokémon % Correct
409Rampardos
74%
408Cranidos
73.5%
418Buizel
73.2%
470Leafeon
73%
471Glaceon
73%
485Heatran
72.7%
419Floatzel
72.4%
410Shieldon
71.7%
490Manaphy
71.5%
486Regigigas
71.4%
411Bastiodon
71.4%
489Phione
69.5%
429Mismagius
68%
402Kricketune
67.5%
401Kricketot
67.3%
461Weavile
66.2%
460Abomasnow
65.7%
475Gallade
65.5%
478Froslass
65.5%
415Combee
64.4%
468Togekiss
64.3%
412Burmy
64%
459Snover
63.7%
432Purugly
63.4%
442Spiritomb
63.3%
464Rhyperior
63.3%
423Gastrodon
63.2%
425Drifloon
63.2%
413Wormadam
63.1%
431Glameow
62.9%
422Shellos
62.8%
430Honchkrow
62.7%
462Magnezone
62.6%
479Rotom
62.4%
426Drifblim
62.1%
416Vespiquen
62.1%
Dex Pokémon % Correct
440Happiny
61.5%
437Bronzong
61.4%
436Bronzor
61.2%
417Pachirisu
61.2%
473Mamoswine
61.1%
439Mime Jr.
60.8%
414Mothim
60.5%
438Bonsly
60.4%
472Gliscor
60.4%
465Tangrowth
60.2%
446Munchlax
59.9%
454Toxicroak
59.9%
434Stunky
59.7%
453Croagunk
59.5%
435Skuntank
59.1%
427Buneary
59%
477Dusknoir
58.9%
428Lopunny
58.3%
469Yanmega
57.8%
420Cherubi
56.8%
452Drapion
56.7%
421Cherrim
56.6%
474Porygon-Z
56.1%
451Skorupi
55.7%
450Hippowdon
55.3%
449Hippopotas
55.1%
424Ambipom
55.1%
476Probopass
53.8%
457Lumineon
53.3%
463Lickilicky
53.3%
456Finneon
53.2%
433Chingling
51.9%
455Carnivine
50.8%
441Chatot
48.3%
458Mantyke
47.8%
Come Together.
Have Fun.
All Virtual.
We all need to come together. Play Sporcle's virtual live trivia to have fun, connect with people, and get your trivia on. Join a live hosted trivia game for your favorite pub trivia experience done virtually. If a virtual private party is more your thing, go here for details.

You're not logged in!

Compare scores with friends on all Sporcle quizzes.
OR
Log In

Sporcle TV

Today on Sporcle TV


Watch our educational content, quiz creation guides, and fun videos on Sporcle TV.

Show Comments

Extras

Top Quizzes Today


Score Distribution

Paid Content

Your Account Isn't Verified!

In order to create a playlist on Sporcle, you need to verify the email address you used during registration. Go to your Sporcle Settings to finish the process.

Report this User

Report this user for behavior that violates our Community Guidelines.

Details: